000 00596nam a2200241 a 4500
001 nice12345678
003 IN_TiNIC
005 20260116012230.0
008 050524s1997 teha grp 000 0 eng
020 _a
_c100
082 0 0 _a297.55
_bMAT
100 _aMatthews, Anis Daud
245 _aGuide for Hajj and Umra
260 _aTehran
_bNo Publisher
_c1997
300 _a247p
500 _aincludes index and biblioraphy
505 2 _aAppendix
650 _aMuslim Pilgrims and Pilgrimages-Sau
700 1 _aMatthews, Anis Daud
902 _bSRS
942 _cBK
999 _c6184
_d6184